000 00482nam a2200157 4500
001 109588
003 ES-MaACL
005 20230906184854.0
007 t|
008 061121s1944 sp r ||||1| spa d
100 1 _aOller, Juan.
_986910
245 1 3 _aEl arte de escribir en castellano
_b: reglas prácticas de puntuación y gramática en general /
_cJuan Oller.
260 _aBarcelona :
_bAraluce,
_c1944.
300 _a348 p. ;
_c24 cm.
852 _aES-MaACL
_jF-16176
_bR.21000
999 _c109588
_d109588